[Event "30. Augsburger Friedensfest-Open"]
[Site "Augsburg"]
[Date "2025.08.09"]
[Round "6.14"]
[White "Nagy, Peter"]
[Black "Isbilir, Levin"]
[Result "0-1"]
[WhiteElo "1878"]
[BlackElo "2073"]
[EventDate "2025.08.07"]
[Time "15:30:00"]
[WhiteNrv "1878"]
[BlackNrv "2073"]
[WhiteTwz "1878"]
[BlackTwz "2073"]
[WhiteFideId "34629211"]
[BlackFideId "16267192"]
[WhiteNatFedId "10793259"]
[BlackNatFedId "10593582"]
[WhiteAttr "M"]
[BlackAttr "M"]
[WhiteTeam "Rosenheimer-SV in der"]
[BlackTeam "SC Erlangen 48/88"]

1.c4 e6 2.d4 d5 3.Nc3 Nf6 4.cxd5 exd5 5.Bg5 Bb4 6.e3 h6 7.Bh4 g5 8.Bg3 Ne4
9.Qa4+ Nc6 10.Ne2 h5 11.h3 g4 12.Bf4 gxh3 13.gxh3 Bd7 14.Qb3 Qh4 15.Bg3 
Nxg3 16.Nxg3 O-O-O 17.Bd3 Qg5 18.Qc2 Rde8 19.Nf5 Kb8 20.O-O-O Bxf5 21.Bxf5
Bxc3 22.bxc3 Qe7 23.Kb1 Na5 24.Ka1 Nc4 25.Bd3 Nd6 26.Qb3 Qe6 27.Rb1 Ka8 
28.Qc2 Rhg8 29.Rbe1 Rg2 30.Bf1 Rg7 31.Bd3 h4 32.f3 f5 33.Qf2 Rg3 34.Rh2 
Reg8 35.Bb1 Qg6 36.Re2 a6 37.Kb2 Nc4+ 38.Ka1 Nd6 39.Kb2 Kb8 40.Bd3 Qh5 41.
a3 Qxf3 42.Qe1 Rxh3 0-1

[Event "30. Augsburger Friedensfest-Open"]
[Site "Augsburg"]
[Date "2025.08.09"]
[Round "6.15"]
[White "Rempel, Alexander"]
[Black "Stork, Simon"]
[Result "0-1"]
[WhiteElo "1874"]
[BlackElo "2063"]
[EventDate "2025.08.07"]
[Time "15:30:00"]
[WhiteNrv "1874"]
[BlackNrv "2063"]
[WhiteTwz "1874"]
[BlackTwz "2063"]
[WhiteFideId "34618600"]
[BlackFideId "16217012"]
[WhiteNatFedId "10586418"]
[BlackNatFedId "10217074"]
[WhiteAttr "M"]
[BlackAttr "M"]
[WhiteTeam "SF Augsburg"]
[BlackTeam "SK Rochade Augsburg"]

1.e4 e5 2.Nf3 Nc6 3.Bc4 Nf6 4.d3 Be7 5.O-O d6 6.a4 O-O 7.Re1 Kh8 8.Nbd2 
Ng8 9.Nf1 f5 10.exf5 Bxf5 11.h3 Qd7 12.Kh2 Bf6 13.Ng3 Bg6 14.c3 Nd8 15.
Bxg8 Kxg8 16.d4 exd4 17.Nxd4 Be5 18.Nf3 Bf6 19.Kg1 Qf7 20.Be3 Nc6 21.Qe2 
a6 22.a5 Qd5 23.Qd2 Qxd2 24.Bxd2 Rae8 25.Bg5 Ne5 26.Nxe5 Bxe5 27.Ne2 d5 
28.Nd4 Kf7 29.Rad1 Bd6 30.Re3 Rxe3 31.Bxe3 Ke7 32.Bg5+ Kd7 33.Nf3 c6 34.
Re1 Re8 35.Rxe8 Bxe8 36.Nd4 c5 37.Nf5 Bf8 38.f3 g6 39.Ne3 Kc6 40.Ng4 h5 
41.Ne5+ Kb5 42.Bd8 Ka4 43.Nd3 Kb3 44.Bf6 c4 45.Nf4 Bf7 46.Kf2 Bc5+ 47.Ke1 
b6 48.Bd8 bxa5 49.Bxa5 Kxb2 50.Kd2 d4 51.cxd4 Bxd4 52.Ne2 Bf6 53.Nc3 Bg5+ 
54.Kd1 Be8 55.Ne4 Be7 56.Nc3 Bc6 57.Ne2 Ba4+ 58.Kd2 Bf6 59.Nc3 Bg5+ 60.Ke2
Bc2 61.Nd5 Bd3+ 62.Kd1 Bf1 63.f4 Bh6 64.Ne3 Bxf4 0-1

[Event "30. Augsburger Friedensfest-Open"]
[Site "Augsburg"]
[Date "2025.08.09"]
[Round "6.16"]
[White "Brand, Leonhard"]
[Black "Zimmermann, Felix"]
[Result "1-0"]
[WhiteElo "2052"]
[BlackElo "1924"]
[EventDate "2025.08.07"]
[Time "15:30:00"]
[WhiteNrv "2052"]
[BlackNrv "1924"]
[WhiteTwz "2052"]
[BlackTwz "1924"]
[WhiteFideId "34649646"]
[BlackFideId "12989720"]
[WhiteNatFedId "10655780"]
[BlackNatFedId "10262226"]
[WhiteAttr "M"]
[BlackAttr "M"]
[WhiteTeam "SK Freising"]
[BlackTeam "SV Gruen-W. Niederwiesa"]

1.e4 c6 2.Nc3 d5 3.Nf3 Bg4 4.Be2 e6 5.d4 dxe4 6.Nxe4 Be7 7.h3 Bxf3 8.Bxf3 
Nf6 9.O-O Nxe4 10.Bxe4 Nd7 11.c4 Nf6 12.Bf3 O-O 13.Be3 a5 14.Qd3 Qd7 15.
Rfd1 Rac8 16.a3 a4 17.b4 axb3 18.Qxb3 b5 19.cxb5 cxb5 20.d5 exd5 21.Bxd5 
Nxd5 22.Rxd5 Qe6 23.Rxb5 Qxb3 24.Rxb3 Bc5 25.Bd2 Rfd8 26.Ra2 h5 27.g3 h4 
28.gxh4 Rc6 29.Kg2 Rg6+ 30.Kf1 Rf6 31.Bg5 Rd1+ 32.Kg2 Re6 33.a4 Ree1 34.a5
Rg1+ 35.Kf3 Rh1 36.Bf4 Rxh3+ 37.Bg3 Rhh1 38.a6 Ra1 39.Rbb2 Rhb1 40.Rc2 Ba7
41.Bf4 Rd1 42.Be3 Rxa2 43.Rxa2 Rd7 44.Bxa7 Rxa7 45.Ke4 Kh7 46.Kd5 Kg6 47.
Kc6 Kh5 48.Kb6 Rxa6+ 49.Rxa6 Kxh4 50.Ra7 1-0

[Event "30. Augsburger Friedensfest-Open"]
[Site "Augsburg"]
[Date "2025.08.09"]
[Round "6.17"]
[White "Roebers, Jan"]
[Black "Schubert, Martin"]
[Result "1/2-1/2"]
[WhiteElo "2030"]
[BlackElo "1899"]
[EventDate "2025.08.07"]
[Time "15:30:00"]
[WhiteNrv "2030"]
[BlackNrv "1899"]
[WhiteTwz "2030"]
[BlackTwz "1899"]
[WhiteTitle "FM"]
[WhiteFideId "1007815"]
[BlackFideId "12951480"]
[BlackNatFedId "10199914"]
[WhiteAttr "M"]
[BlackAttr "M"]
[WhiteTeam "?"]
[BlackTeam "SF Pfullingen"]

1.e4 e5 2.Nf3 Nc6 3.Bb5 a6 4.Ba4 Nf6 5.d4 exd4 6.O-O Be7 7.Re1 O-O 8.e5 
Nd5 9.c3 Nb6 10.Bb3 d6 11.exd6 Qxd6 12.Nxd4 Nxd4 13.Qxd4 Qxd4 14.cxd4 Bf6 
15.Nc3 Bxd4 16.Bf4 Be6 17.Bxc7 1/2-1/2

[Event "30. Augsburger Friedensfest-Open"]
[Site "Augsburg"]
[Date "2025.08.09"]
[Round "6.18"]
[White "Kaufmann, Kurt"]
[Black "Reschka, Hans"]
[Result "1/2-1/2"]
[WhiteElo "1998"]
[BlackElo "1886"]
[EventDate "2025.08.07"]
[Time "15:30:00"]
[WhiteNrv "1998"]
[BlackNrv "1886"]
[WhiteTwz "1998"]
[BlackTwz "1886"]
[WhiteFideId "4621301"]
[BlackFideId "34638148"]
[WhiteNatFedId "10101093"]
[BlackNatFedId "10828393"]
[WhiteAttr "M"]
[BlackAttr "M"]
[WhiteTeam "SK 1926 Noerdlingen-Ries"]
[BlackTeam "SK Kriegshaber"]

1.Nc3 d5 2.d4 Nf6 3.Bf4 c5 4.e4 Nxe4 5.Nxe4 dxe4 6.dxc5 Qa5+ 7.c3 Qxc5 8.
Qa4+ Nc6 9.Qxe4 Bf5 10.Qc4 e5 11.Be3 Qxc4 12.Bxc4 Be7 13.Ne2 O-O 14.O-O 
Rad8 15.Ng3 Bg6 16.f4 exf4 17.Bxf4 Bf6 18.Rfe1 Rfe8 19.Bb5 Rxe1+ 20.Rxe1 
Kf8 21.Kf2 a6 22.Be2 Ne5 23.Bxe5 1/2-1/2

[Event "30. Augsburger Friedensfest-Open"]
[Site "Augsburg"]
[Date "2025.08.09"]
[Round "6.19"]
[White "Kraemer, Max"]
[Black "Timm, Jasper"]
[Result "0-1"]
[WhiteElo "1997"]
[BlackElo "1886"]
[EventDate "2025.08.07"]
[Time "15:30:00"]
[WhiteNrv "1997"]
[BlackNrv "1886"]
[WhiteTwz "1997"]
[BlackTwz "1886"]
[WhiteFideId "16211545"]
[BlackFideId "34614613"]
[WhiteNatFedId "10114551"]
[BlackNatFedId "10762306"]
[WhiteAttr "*"]
[BlackAttr "M"]
[WhiteTeam "SK Caissa Augsburg"]
[BlackTeam "SK Graefelfing"]

1.e4 e5 2.Nf3 Nf6 3.Nxe5 d6 4.Nf3 Nxe4 5.Nc3 Nxc3 6.dxc3 Be7 7.Be3 Nc6 8.
Qd2 Be6 9.Ng5 Bxg5 10.Bxg5 f6 11.Be3 a6 12.Be2 Qd7 13.O-O-O O-O-O 14.c4 
Rhe8 15.h3 d5 16.cxd5 Bxd5 17.c4 Be6 18.Qxd7+ Rxd7 19.Rxd7 Bxd7 20.Rd1 Ne5
21.Kc2 Bc6 22.Bf1 Nf7 23.Kc3 Nd6 24.b4 Ne4+ 25.Kb3 Ba4+ 26.Kxa4 Nc3+ 27.
Kb3 Nxd1 28.Bc5 b6 29.Bd4 Rd8 30.Ba1 Nxf2 31.Kc2 Rd1 0-1

[Event "30. Augsburger Friedensfest-Open"]
[Site "Augsburg"]
[Date "2025.08.09"]
[Round "6.20"]
[White "Wang, Simon"]
[Black "Westerhof, Fleur"]
[Result "1/2-1/2"]
[WhiteElo "1865"]
[BlackElo "1987"]
[EventDate "2025.08.07"]
[Time "15:30:00"]
[WhiteNrv "1865"]
[BlackNrv "1987"]
[WhiteTwz "1865"]
[BlackTwz "1987"]
[WhiteFideId "34605398"]
[BlackFideId "1080369"]
[WhiteNatFedId "10739430"]
[BlackNatFedId "10890447"]
[WhiteAttr "M"]
[BlackAttr "W"]
[WhiteTeam "SF Dachau 1932 e.V."]
[BlackTeam "SK Turm Kleve 1974 e. V."]

1.c4 e6 2.g3 d5 3.Bg2 Nf6 4.Nf3 Be7 5.O-O O-O 6.b3 c5 7.e3 Nc6 8.Bb2 dxc4 
9.bxc4 Qb6 10.Qb3 Qc7 11.d3 b6 12.Ne5 Bb7 13.Nxc6 Bxc6 14.Nd2 Bxg2 15.Kxg2
Rfd8 16.Nf3 Nd7 17.Rfd1 Bf6 18.Bxf6 1/2-1/2

[Event "30. Augsburger Friedensfest-Open"]
[Site "Augsburg"]
[Date "2025.08.09"]
[Round "6.21"]
[White "Wietschorke, Jens"]
[Black "Beesk, Kevin"]
[Result "0-1"]
[WhiteElo "1841"]
[BlackElo "1972"]
[EventDate "2025.08.07"]
[Time "15:30:00"]
[WhiteNrv "1841"]
[BlackNrv "1972"]
[WhiteTwz "1841"]
[BlackTwz "1972"]
[WhiteFideId "16296176"]
[BlackFideId "1271882"]
[WhiteNatFedId "10242290"]
[BlackNatFedId "10011885"]
[WhiteAttr "M"]
[BlackAttr "M"]
[WhiteTeam "SK Caissa Augsburg"]
[BlackTeam "SF Augsburg"]

1.e4 c5 2.d4 cxd4 3.c3 dxc3 4.Nxc3 Nc6 5.Nf3 d6 6.Bc4 a6 7.O-O Nf6 8.h3 e6
9.Qe2 Be7 10.Rd1 b5 11.Bb3 Qb6 12.Bf4 Na5 13.Bc2 e5 14.Be3 Qb8 15.Rac1 h6 
16.Nd2 O-O 17.Rf1 Be6 18.Bd3 Rc8 19.b3 Nc6 20.f4 exf4 21.Bxf4 Ne5 22.Bb1 
Ra7 23.Nd5 Rxc1 24.Rxc1 Bxd5 25.exd5 Nxd5 26.Bxe5 dxe5 27.Qg4 Rc7 28.Rf1 
Ne3 29.Qe4 f5 30.Rxf5 Nxf5 31.Qxf5 Qb6+ 32.Kh2 Qf6 33.Qh7+ Kf7 34.Nc4 bxc4
35.Be4 Rd7 0-1

[Event "30. Augsburger Friedensfest-Open"]
[Site "Augsburg"]
[Date "2025.08.09"]
[Round "6.22"]
[White "Schork, Stefan"]
[Black "Simon, Jonathan"]
[Result "1-0"]
[WhiteElo "2124"]
[BlackElo "1907"]
[EventDate "2025.08.07"]
[Time "15:30:00"]
[WhiteNrv "2124"]
[BlackNrv "1907"]
[WhiteTwz "2124"]
[BlackTwz "1907"]
[WhiteFideId "4667590"]
[BlackFideId "1271653"]
[WhiteNatFedId "10198152"]
[BlackNatFedId "10208573"]
[WhiteAttr "M"]
[BlackAttr "M"]
[WhiteTeam "SC Pforzheim 1906"]
[BlackTeam "SK 1928 Moembris"]

1.Nf3 f5 2.d3 Nc6 3.e4 e5 4.Nc3 Nf6 5.Bg5 Be7 6.exf5 d6 7.d4 exd4 8.Nxd4 
Nxd4 9.Qxd4 Bxf5 10.O-O-O O-O 11.Bc4+ Kh8 12.Rhe1 Qd7 13.Re3 Nd5 14.Nxd5 
Bxg5 15.f4 Bf6 16.Nxf6 Rxf6 17.Rde1 d5 18.Qxd5 Qxd5 19.Bxd5 c6 20.Re8+ Rf8
21.Rxa8 Rxa8 22.Re5 g6 23.Be4 Bxe4 24.Rxe4 Rf8 25.g3 Rf7 26.c3 Kg7 27.Kc2 
Kf6 28.h3 h5 29.a4 Rd7 30.Re8 Kf7 31.Re5 Kf6 32.a5 a6 33.b4 Rd8 34.g4 hxg4
35.hxg4 Rh8 36.g5+ Kf7 37.Kb3 Rh3 38.f5 gxf5 39.Rxf5+ Ke6 40.Rf6+ Ke7 41.
Rh6 Rg3 42.Rh7+ Kd6 43.Rxb7 c5 44.g6 cxb4 45.Kxb4 Rg1 46.Rb6+ 1-0

[Event "30. Augsburger Friedensfest-Open"]
[Site "Augsburg"]
[Date "2025.08.09"]
[Round "6.23"]
[White "Sensoy, Emir"]
[Black "Schmid, Bernhard"]
[Result "1/2-1/2"]
[WhiteElo "1903"]
[BlackElo "2011"]
[EventDate "2025.08.07"]
[Time "15:30:00"]
[WhiteNrv "1903"]
[BlackNrv "2011"]
[WhiteTwz "1903"]
[BlackTwz "2011"]
[WhiteFideId "34607390"]
[BlackFideId "12915467"]
[WhiteNatFedId "10730374"]
[BlackNatFedId "10191977"]
[WhiteAttr "M"]
[BlackAttr "M"]
[WhiteTeam "MSA Zugzwang 82 e.V."]
[BlackTeam "SK Kelheim 1920"]

1.e4 e5 2.Nf3 Nc6 3.Bc4 Nf6 4.d3 h6 5.c3 d6 6.Bb3 g5 7.h3 Bg7 8.Nbd2 O-O 
9.Nf1 d5 10.Qe2 Be6 11.Ng3 Na5 12.Bc2 dxe4 13.dxe4 Bc4 14.Qe3 Nc6 15.Nf5 
Nh5 16.g3 Be6 17.h4 Bxf5 18.exf5 g4 19.Nh2 Nf6 20.h5 Qd5 21.O-O e4 22.Qf4 
Ne5 23.Rd1 Nd3 24.Bxd3 exd3 25.Nxg4 Nxh5 26.Nxh6+ Bxh6 27.Qxh6 Qxf5 28.
Qg5+ Qxg5 29.Bxg5 f6 30.Be3 Rad8 31.Rd2 Rd5 32.c4 Rd7 33.Bxa7 f5 34.Bc5 
Rf6 35.Rad1 Rc6 36.Be3 Rcd6 37.Bc5 Rc6 38.Ba3 f4 39.Rxd3 Rxd3 40.Rxd3 fxg3
41.Rd8+ Kf7 42.c5 gxf2+ 43.Kxf2 Nf6 44.Rb8 Ne4+ 45.Ke3 Nxc5 46.Bxc5 Rxc5 
47.Rxb7 Ke6 48.Kd4 Kd6 49.Rb3 Ra5 50.a3 Ra4+ 51.Kc3 c5 52.Rb6+ Kc7 53.Rh6 
Rg4 54.b3 Kb7 55.b4 cxb4+ 56.axb4 Rg3+ 57.Kc4 Rg4+ 58.Kb3 Rg3+ 59.Ka4 Rg4 
60.Ka5 Rg5+ 61.b5 Rg8 62.Rh7+ Kb8 63.Ka6 Rf8 64.Rb7+ Ka8 65.Rc7 Kb8 66.Kb6
Rg8 67.Rd7 Rh8 68.Kc6 Rc8+ 1/2-1/2

[Event "30. Augsburger Friedensfest-Open"]
[Site "Augsburg"]
[Date "2025.08.09"]
[Round "6.24"]
[White "Barsov, Vladislav"]
[Black "Waibel, Manuel"]
[Result "1-0"]
[WhiteElo "2005"]
[BlackElo "1891"]
[EventDate "2025.08.07"]
[Time "15:30:00"]
[WhiteNrv "2005"]
[BlackNrv "1891"]
[WhiteTwz "2005"]
[BlackTwz "1891"]
[WhiteFideId "34613757"]
[BlackFideId "34608060"]
[WhiteNatFedId "10722198"]
[BlackNatFedId "10768978"]
[WhiteAttr "M"]
[BlackAttr "M"]
[WhiteTeam "SK Graefelfing"]
[BlackTeam "Schachges. Augsburg 1873"]

1.c4 e6 2.g3 d5 3.Bg2 Nf6 4.Nf3 d4 5.d3 Be7 6.O-O O-O 7.e4 dxe3 8.fxe3 c5 
9.Nc3 Nc6 10.a3 Re8 11.Kh1 Bf8 12.d4 cxd4 13.exd4 h6 14.Be3 Bd7 15.b4 Rc8 
16.Qe2 Ne7 17.Ne5 Bc6 18.Nxc6 Nxc6 19.Rad1 Qe7 20.Bf4 a6 21.b5 Na5 22.c5 
Qd7 23.bxa6 bxa6 24.Qxa6 Nc6 25.d5 exd5 26.Nxd5 Qe6 27.Nxf6+ Qxf6 28.Bd6 
Nb8 29.Qb7 Qg6 30.Bd5 1-0

[Event "30. Augsburger Friedensfest-Open"]
[Site "Augsburg"]
[Date "2025.08.09"]
[Round "6.25"]
[White "Schrauder, Ulrich"]
[Black "Kaufmann, Thorsten"]
[Result "0-1"]
[WhiteElo "1876"]
[BlackElo "1998"]
[EventDate "2025.08.07"]
[Time "15:30:00"]
[WhiteNrv "1876"]
[BlackNrv "1998"]
[WhiteTwz "1876"]
[BlackTwz "1998"]
[WhiteFideId "16266749"]
[BlackFideId "24647950"]
[WhiteNatFedId "10198572"]
[BlackNatFedId "10101131"]
[WhiteAttr "M"]
[BlackAttr "M"]
[WhiteTeam "TSV Mindelheim"]
[BlackTeam "SK Sontheim/Brenz e.V."]

1.d4 d5 2.c4 e6 3.Nc3 Nf6 4.cxd5 exd5 5.Bg5 Be7 6.e3 c6 7.Bd3 O-O 8.Nge2 
Nbd7 9.O-O h6 10.Bh4 Re8 11.f3 b5 12.a3 Nb6 13.b3 a6 14.Bf2 c5 15.dxc5 
Bxc5 16.Nd4 Qe7 17.Nc2 Bb7 18.Ne2 Nbd7 19.Ned4 Ne5 20.Be2 Rac8 21.Re1 Red8
22.Bf1 Ne8 23.Nf5 Qf6 24.Ncd4 Nd6 25.Bh4 g5 26.Nxd6 Bxd6 27.Bg3 Bc5 28.Bf2
Bb6 29.Qd2 Nc6 30.Red1 Na5 31.Rab1 Nc6 32.Qe1 Nxd4 33.exd4 Rc2 34.Rd2 Rdc8
35.Rxc2 Rxc2 36.Rd1 Qe6 37.Bd3 Qxe1+ 38.Rxe1 Rd2 39.Bf5 Bc6 40.Be3 Ra2 41.
Rc1 Bb7 42.h4 Re2 43.Rc3 Rxe3 44.Rxe3 Bxd4 45.Kf2 gxh4 46.Ke2 Bxe3 47.Kxe3
Kg7 48.Bd7 Kf6 49.f4 Ke7 50.Bg4 d4+ 51.Kf2 a5 52.Bf3 Bxf3 53.Kxf3 f5 54.
Ke2 Kd6 55.Kd2 Kc5 56.Kc2 a4 57.Kb2 Kd5 0-1

[Event "30. Augsburger Friedensfest-Open"]
[Site "Augsburg"]
[Date "2025.08.09"]
[Round "6.26"]
[White "Schrimpf, Michael"]
[Black "Birth, Waldemar"]
[Result "0-1"]
[WhiteElo "1863"]
[BlackElo "1950"]
[EventDate "2025.08.07"]
[Time "15:30:00"]
[WhiteNrv "1863"]
[BlackNrv "1950"]
[WhiteTwz "1863"]
[BlackTwz "1950"]
[WhiteFideId "1676237"]
[BlackFideId "24640310"]
[WhiteNatFedId "10841479"]
[BlackNatFedId "10016927"]
[WhiteAttr "M"]
[BlackAttr "M"]
[WhiteTeam "SF Augsburg"]
[BlackTeam "SK Rochade Augsburg"]

1.e4 d5 2.exd5 Qxd5 3.Nf3 Bg4 4.Be2 Nf6 5.h3 Bh5 6.Nc3 Qa5 7.O-O e6 8.d4 
c6 9.Ne5 Bg6 10.Bf4 Nbd7 11.Nc4 Qf5 12.Bh2 Qxc2 13.Qe1 h5 14.Rc1 Qf5 15.
Rd1 h4 16.Bd3 Qh5 17.Ne2 Bxd3 18.Rxd3 Nd5 19.Qd2 N7b6 20.Nxb6 axb6 21.a3 
g5 22.Nc3 O-O-O 23.b4 g4 24.Ne2 gxh3 25.gxh3 Qf5 26.b5 c5 27.Qc2 Qe4 28.f3
Qf5 29.f4 Ne3 30.Qa4 Qxd3 31.Qa8+ Kc7 32.f5+ Bd6 33.Bxd6+ Rxd6 34.Qxh8 
Qxe2 0-1

[Event "30. Augsburger Friedensfest-Open"]
[Site "Augsburg"]
[Date "2025.08.09"]
[Round "6.27"]
[White "Gradl, Winfried"]
[Black "Kaufmann, Ben"]
[Result "1-0"]
[WhiteElo "1945"]
[BlackElo "1859"]
[EventDate "2025.08.07"]
[Time "15:30:00"]
[WhiteNrv "1945"]
[BlackNrv "1859"]
[WhiteTwz "1945"]
[BlackTwz "1859"]
[WhiteFideId "4648030"]
[BlackFideId "34687068"]
[WhiteNatFedId "10064910"]
[BlackNatFedId "10489709"]
[WhiteAttr "M"]
[BlackAttr "M"]
[WhiteTeam "SAbt TuS Fuerstenfeldbruck"]
[BlackTeam "SK Sontheim/Brenz e.V."]

1.d4 d5 2.c4 e6 3.Nf3 Nf6 4.g3 Be7 5.Bg2 O-O 6.O-O c6 7.Qc2 b6 8.Nc3 Bb7 
9.e4 dxe4 10.Nxe4 c5 11.Nfg5 Nxe4 12.Bxe4 Bxe4 13.Qxe4 Bxg5 14.Qxa8 Qc7 
15.Qe4 Bf6 16.Bf4 Qe7 17.Be5 Nd7 18.Bxf6 Nxf6 19.Qe5 Ng4 20.Qf4 h5 21.dxc5
Qxc5 22.Rad1 a5 23.Qd4 Qc6 24.b3 Rc8 25.Qf4 Qb7 26.h3 Nf6 27.Rd4 b5 28.
Rfd1 bxc4 29.Rd8+ Rxd8 30.Rxd8+ Kh7 31.Qxc4 Qe7 32.Ra8 Qb7 33.Rxa5 Qf3 34.
Qf4 Qc3 35.Ra7 Qe1+ 36.Kg2 Qe2 37.Rxf7 Nd5 38.Qd4 1-0

[Event "30. Augsburger Friedensfest-Open"]
[Site "Augsburg"]
[Date "2025.08.09"]
[Round "6.28"]
[White "Fresser, Stefan"]
[Black "Jekel, Wolfgang"]
[Result "1/2-1/2"]
[WhiteElo "1944"]
[BlackElo "1853"]
[EventDate "2025.08.07"]
[Time "15:30:00"]
[WhiteNrv "1944"]
[BlackNrv "1853"]
[WhiteTwz "1944"]
[BlackTwz "1853"]
[WhiteFideId "12987123"]
[BlackFideId "4690370"]
[WhiteNatFedId "10053941"]
[BlackNatFedId "10095176"]
[WhiteAttr "M"]
[BlackAttr "M"]
[WhiteTeam "SF Neuberg"]
[BlackTeam "SF Voehringen"]

1.c4 c6 2.Nc3 d6 3.e4 Nd7 4.g3 e5 5.Bg2 Be7 6.h3 Nf8 7.Nge2 g5 8.O-O Ng6 
9.d3 h5 10.f4 gxf4 11.gxf4 Nh4 12.f5 Qb6+ 13.Kh2 Nxg2 14.Kxg2 Nf6 15.Rf3 
Bd7 16.Be3 c5 17.b4 O-O-O 18.Rg3 Rdg8 19.Rxg8+ Rxg8+ 20.Kh2 Qd8 21.Nd5 
Nxd5 22.cxd5 Bg5 23.Qd2 cxb4 24.Bxg5 Qxg5 25.Qxg5 Rxg5 26.h4 Rg4 27.Kh3 
Bb5 28.Rd1 a5 29.Ng3 Rf4 30.Nxh5 Rf3+ 31.Kg4 Rxd3 32.Rxd3 Bxd3 33.Ng3 a4 
34.h5 b3 35.axb3 axb3 36.h6 b2 37.h7 b1=Q 38.h8=Q+ Kc7 39.Qf8 Qd1+ 40.Kg5 
Qf3 41.Qe7+ Kc8 42.Qe8+ Kc7 43.Qe7+ 1/2-1/2

[Event "30. Augsburger Friedensfest-Open"]
[Site "Augsburg"]
[Date "2025.08.09"]
[Round "6.29"]
[White "Chua, Daniel James"]
[Black "Galje, Hans"]
[Result "1/2-1/2"]
[WhiteElo "1862"]
[BlackElo "1934"]
[EventDate "2025.08.07"]
[Time "15:30:00"]
[WhiteNrv "1862"]
[BlackNrv "1934"]
[WhiteTwz "1862"]
[BlackTwz "1934"]
[WhiteFideId "34608354"]
[BlackFideId "1003240"]
[WhiteNatFedId "10758008"]
[WhiteAttr "M"]
[BlackAttr "M"]
[WhiteTeam "SC Garching 1980 e.V."]
[BlackTeam "?"]

1.d4 Nf6 2.c4 e6 3.g3 d5 4.Nf3 dxc4 5.Qa4+ Nbd7 6.Bg2 a6 7.Qxc4 c5 8.O-O 
b5 9.Qc2 Bb7 10.dxc5 Bxc5 11.Bg5 Qb6 12.Nc3 Rc8 13.Qb3 O-O 14.Nd2 Bxg2 15.
Kxg2 h6 16.Bxf6 Nxf6 17.Nde4 Nxe4 18.Nxe4 Rfd8 1/2-1/2

[Event "30. Augsburger Friedensfest-Open"]
[Site "Augsburg"]
[Date "2025.08.09"]
[Round "6.30"]
[White "Boehm, Korbinian"]
[Black "Peck, Malcolm"]
[Result "1-0"]
[WhiteElo "1928"]
[BlackElo "1799"]
[EventDate "2025.08.07"]
[Time "15:30:00"]
[WhiteNrv "1928"]
[BlackNrv "1799"]
[WhiteTwz "1928"]
[BlackTwz "1799"]
[WhiteFideId "16211561"]
[BlackFideId "12902756"]
[WhiteNatFedId "10019245"]
[BlackNatFedId "10161218"]
[WhiteAttr "M"]
[BlackAttr "M"]
[WhiteTeam "Sportfr.Windach e.V.1923"]
[BlackTeam "SK Koenigsbrunn"]

1.d4 d5 2.Bf4 Nf6 3.e3 e6 4.Nd2 c5 5.c3 Be7 6.Bd3 O-O 7.h3 Nbd7 8.Ngf3 a6 
9.Ne5 c4 10.Bc2 Qb6 11.Rb1 Rd8 12.h4 Nxe5 13.dxe5 Ne4 14.Nxe4 dxe4 15.Qg4 
f5 16.exf6 Bxf6 17.Bg5 e5 18.Qxe4 g6 19.Qxc4+ Be6 20.Qa4 Bd7 21.Qb3+ Qxb3 
22.Bxb3+ Kg7 23.Ke2 Rac8 24.Rhd1 Bb5+ 25.Ke1 Bd3 26.Rbc1 e4 27.Bxf6+ Kxf6 
28.Bc2 Rc7 29.Rd2 Rcd7 30.Bxd3 exd3 31.f3 b5 32.Kf2 a5 33.e4 Rc7 34.Rcd1 
b4 35.cxb4 axb4 36.Ke3 Rc2 37.Rxc2 dxc2 38.Rc1 Ra8 39.Rxc2 Rxa2 40.Kd4 b3 
41.Re2 Ra7 42.Kc4 Rb7 43.Re3 Ke5 44.Rxb3 Rc7+ 45.Kd3 Kf4 46.Rc3 Rd7+ 47.
Ke2 Kg3 48.e5 Re7 49.Re3 Kxh4 50.Re4+ Kg5 51.e6 Kf6 52.Ke3 Kg7 53.Kd4 Kf8 
54.Ke5 Rb7 55.b4 Ke7 56.Kd5 Rc7 57.Re2 Rb7 58.Kc5 Rc7+ 59.Kb6 Rc4 60.b5 h5
61.Ka7 Rc7+ 62.Kb8 Rc5 63.b6 Rc3 64.b7 g5 65.Re5 g4 66.fxg4 hxg4 67.Ka7 
Ra3+ 68.Kb6 1-0

[Event "30. Augsburger Friedensfest-Open"]
[Site "Augsburg"]
[Date "2025.08.09"]
[Round "6.31"]
[White "Schuelke, Tilman"]
[Black "Frenkel, Matthias"]
[Result "1-0"]
[WhiteElo "1816"]
[BlackElo "1925"]
[EventDate "2025.08.07"]
[Time "15:30:00"]
[WhiteNrv "1816"]
[BlackNrv "1925"]
[WhiteTwz "1816"]
[BlackTwz "1925"]
[WhiteFideId "4647475"]
[BlackFideId "34619267"]
[WhiteNatFedId "10200219"]
[BlackNatFedId "10437364"]
[WhiteAttr "M"]
[BlackAttr "M"]
[WhiteTeam "SF Pfullingen"]
[BlackTeam "SK Kriegshaber"]

1.d4 d5 2.c3 Nf6 3.Bg5 Ne4 4.Bf4 e6 5.Nd2 Bd6 6.Bxd6 Nxd6 7.e3 Nd7 8.f4 
Nf6 9.Bd3 h5 10.Qf3 Bd7 11.a4 Rc8 12.Nh3 c5 13.O-O a6 14.Nf2 b5 15.dxc5 
Rxc5 16.e4 dxe4 17.Ndxe4 Ndxe4 18.Nxe4 Nxe4 19.Bxe4 bxa4 20.Kh1 Qb6 21.Rf2
O-O 22.Rd2 Bb5 23.Qd1 Qc7 24.Rd4 g6 25.h3 e5 26.Rd6 exf4 27.Qd2 Re5 28.Bf3
Rfe8 29.Rd1 Re3 30.Qd4 Re1+ 31.Rxe1 Rxe1+ 32.Kh2 Kh7 33.Rf6 Rb1 34.Rd6 Re1
35.Rd8 Re8 36.Rd6 Re6 37.Rxe6 fxe6 38.Qf6 e5 39.Be4 Qg7 40.Qg5 Be2 41.c4 
Bxc4 42.Qxh5+ Kg8 43.Qg5 Bf7 44.Qd8+ Kh7 45.Qd6 Bc4 46.Qc6 Bb5 47.Qe6 Kh6 
48.g3 fxg3+ 49.Kxg3 Kh7 50.h4 Bd7 51.Qd5 Bf5 52.Bf3 e4 53.Bd1 Qxb2 54.Bxa4
Qc3+ 55.Kf4 Qc7+ 56.Kg5 Qe7+ 57.Kf4 Qxh4+ 58.Ke5 Qg3+ 59.Kf6 Qh4+ 60.Ke5 
Qe7+ 61.Kf4 Qd7 62.Bxd7 1-0

[Event "30. Augsburger Friedensfest-Open"]
[Site "Augsburg"]
[Date "2025.08.09"]
[Round "6.32"]
[White "Roebers, Bregje"]
[Black "Oezkurt, Kaan"]
[Result "1/2-1/2"]
[WhiteElo "2030"]
[BlackElo "1751"]
[EventDate "2025.08.07"]
[Time "15:30:00"]
[WhiteNrv "2030"]
[BlackNrv "1751"]
[WhiteTwz "2030"]
[BlackTwz "1751"]
[WhiteFideId "1085174"]
[BlackFideId "34655182"]
[BlackNatFedId "10722110"]
[WhiteAttr "W"]
[BlackAttr "M"]
[WhiteTeam "?"]
[BlackTeam "SK Freising"]

1.e4 e6 2.d4 d5 3.Bd3 Nf6 4.exd5 exd5 5.Nf3 Bd6 6.Bg5 O-O 7.O-O Bg4 8.Nbd2
c6 9.c3 Nbd7 10.Bh4 Qb6 11.Qb3 Nh5 12.Bg3 Nxg3 13.hxg3 Rfe8 14.Rfe1 Bxf3 
15.Nxf3 Nf6 16.Qc2 g6 17.Rad1 Qc7 18.a4 a5 19.b3 Rxe1+ 20.Rxe1 Re8 21.
Rxe8+ 1/2-1/2

[Event "30. Augsburger Friedensfest-Open"]
[Site "Augsburg"]
[Date "2025.08.09"]
[Round "6.33"]
[White "Kelembet, Artem"]
[Black "Seisenberger, Georg"]
[Result "0-1"]
[WhiteElo "1897"]
[BlackElo "2002"]
[EventDate "2025.08.07"]
[Time "15:30:00"]
[WhiteNrv "1897"]
[BlackNrv "2002"]
[WhiteTwz "1897"]
[BlackTwz "2002"]
[WhiteFideId "34684727"]
[BlackFideId "12903574"]
[WhiteNatFedId "10828569"]
[BlackNatFedId "10206064"]
[WhiteAttr "M"]
[BlackAttr "M"]
[WhiteTeam "SV Jedesheim 1921"]
[BlackTeam "SV Ilmmuenster"]

1.d4 Nf6 2.c4 e6 3.Nf3 d5 4.Nc3 Be7 5.cxd5 exd5 6.Qc2 g6 7.Bg5 c6 8.e3 Bf5
9.Bd3 Bxd3 10.Qxd3 O-O 11.O-O Re8 12.Ne5 Nbd7 13.f4 Ne4 14.Nxe4 dxe4 15.
Qb3 Nxe5 16.Bxe7 Rxe7 17.fxe5 Qd5 18.Qxd5 cxd5 19.Rac1 Rd8 20.Rc5 Kg7 21.
Rf6 Rdd7 22.Rd6 Rxd6 23.exd6 Rd7 24.Rxd5 f5 25.Rc5 Kf6 26.Rc7 Ke6 27.Rxd7 
Kxd7 28.h3 Kxd6 29.g4 Kd5 30.Kf2 f4 31.g5 f3 32.h4 Ke6 33.Kg3 Kf5 34.Kh3 
Ke6 35.Kg3 Kd5 36.Kf2 Kc4 37.b3+ Kd5 38.Ke1 a5 0-1